[Event "Victoria Grand Pacific op 8th"]
[Site "Victoria"]
[Date "2014.04.19"]
[Round "2"]
[White "Kostadinov, George"]
[Black "Lampman, Becca"]
[Result "0-1"]
[WhiteElo "2223"]
[BlackElo "1995"]
[PlyCount "132"]
[EventDate "2014.04.18"]
[EventType "swiss"]
[EventRounds "6"]
[EventCountry "CAN"]
[SourceTitle "CBM 160 Extra"]
[Source "ChessBase"]
[SourceDate "2014.07.01"]
[SourceVersion "1"]
[SourceVersionDate "2014.07.01"]
[SourceQuality "1"]

1. d4 Nf6 2. c4 g6 3. Nc3 Bg7 4. e4 d6 5. h3 0-0 6. Nf3 e5 7. d5 a5 8. Bg5 Na6 9. Bd3 Qe8 10. Qd2 Nh5 11. Bh6 Nc5 12. Bc2 f5 13. 0-0-0 fxe4 14. Nxe4 Nxe4 15. Bxe4 Qa4 16. Kb1 Qxc4 17. Rhe1 Qb5 18. Rc1 Qd7 19. Bxg7 Qxg7 20. Ng5 Nf6 21. Bd3 Kh8 22. Ne6 Bxe6 23. dxe6 c6 24. f4 exf4 25. Qxf4 Qe7 26. Qd4 Rae8 27. g4 Kg8 28. Rcd1 d5 29. Qe5 Rd8 30. g5 Ne8 31. h4 Ng7 32. Rd2 Rd6 33. Rde2 Re8 34. Qc3 b6 35. b4 axb4 36. Qxb4 c5 37. Qb2 Rf8 38. Re5 Rf4 39. Qa3 Rxh4 40. Rf1 Rb4+ 41. Kc2 Rd8 42. Rf7 Qd6 43. Re2 Nxe6 44. Qa7 c4 45. Bxg6 hxg6 46. Rh7 Qf8 47. Reh2 Qf5+ 48. Kc3 d4+ 49. Kxb4 Qc5+ 50. Ka4 b5+ 51. Ka5 Qa3+ 52. Kxb5 Qxa7 53. Rxa7 d3 54. Rah7 c3 55. Rh8+ Kf7 56. Rf2+ Ke7 57. Rh7+ Kd6 58. Kc4 c2 59. Rh1 Ke7 60. Rd2 Nf4 61. Re1+ Kf7 62. Rf1 Ke6 63. Kc3 Ne2+ 64. Kb2 Rb8+ 65. Ka1 Nc3 66. Rf6+ Ke7 0-1

[Event "Victoria Grand Pacific op 7th"]
[Site "Victoria"]
[Date "2013.03.31"]
[Round "5"]
[White "Landingin, Jofrel"]
[Black "Kostadinov, George"]
[Result "0-1"]
[WhiteElo "1809"]
[BlackElo "2077"]
[PlyCount "128"]
[EventDate "2013.03.29"]
[EventType "swiss"]
[EventRounds "6"]
[EventCountry "CAN"]
[SourceTitle "CBM 153 Extra"]
[Source "ChessBase"]
[SourceDate "2013.04.22"]
[SourceVersion "1"]
[SourceVersionDate "2013.04.22"]
[SourceQuality "1"]

1. d4 c5 2. Nf3 d5 3. e3 Nf6 4. Bb5+ Bd7 5. Bxd7+ Nbxd7 6. 0-0 e6 7. c3 a6 8. Nbd2 Qc7 9. Re1 Bd6 10. h3 cxd4 11. exd4 0-0 12. a4 b5 13. axb5 axb5 14. Rxa8 Rxa8 15. Qb3 Rb8 16. Kf1 h6 17. Kg1 Nh5 18. Nf1 Nf4 19. Bxf4 Bxf4 20. Ra1 Bd6 21. N1d2 Nb6 22. g3 Nc4 23. Nxc4 bxc4 24. Qc2 g6 25. Kg2 Qb7 26. Ra2 Qb3 27. Qxb3 Rxb3 28. h4 Kg7 29. Kf1 Kf6 30. Ke2 Rb7 31. Nh2 h5 32. Nf1 g5 33. hxg5+ Kxg5 34. Ne3 f5 35. f4+ Bxf4 36. gxf4+ Kxf4 37. Nd1 Kg3 38. Ra1 Rg7 39. Ra6 Rg6 40. Ne3 f4 41. Nxd5 h4 42. Ne7 Rg5 43. Rxe6 h3 44. Kf1 h2 45. Rh6 Ra5 46. Rxh2 Ra1+ 47. Ke2 f3+ 48. Ke3 Re1+ 49. Kd2 Rxe7 50. Rh8 Re2+ 51. Kd1 Rxb2 52. Rg8+ Kf4 53. d5 Ke3 54. Re8+ Kd3 55. Ke1 f2+ 56. Kf1 Kxc3 57. d6 Rd2 58. Rd8 Kc2 59. d7 c3 60. Rf8 Rxd7 61. Rxf2+ Kd1 62. Kg1 c2 63. Rf1+ Kd2 64. Rf2+ Kc3 0-1

[Event "Calgary Alberta op"]
[Site "Calgary"]
[Date "2012.10.06"]
[Round "2"]
[White "Schibler, Jordan"]
[Black "Kostadinov, George"]
[Result "0-1"]
[WhiteElo "1844"]
[BlackElo "2121"]
[PlyCount "48"]
[EventDate "2012.10.06"]
[EventType "swiss"]
[EventRounds "5"]
[EventCountry "CAN"]
[SourceTitle "EXT 2022"]
[Source "ChessBase"]
[SourceDate "2021.10.06"]
[SourceVersion "1"]
[SourceVersionDate "2021.10.06"]
[SourceQuality "1"]

1. d4 c5 2. d5 f5 3. c4 Nf6 4. Nc3 g6 5. Qc2 Bg7 6. Nf3 Na6 7. Bd2 d6 8. e3 0-0 9. Be2 Bd7 10. a3 Rb8 11. 0-0 Nc7 12. Rab1 a6 13. b4 cxb4 14. Rxb4 b5 15. Nd4 Rc8 16. Qa2 Kh8 17. cxb5 axb5 18. Ndxb5 Nxb5 19. Bxb5 Rc5 20. Bxd7 Nxd7 21. Rc4 Qc8 22. Rxc5 Qxc5 23. Ne2 Ra8 24. Rc1 Kg8 0-1